=LDR 00000nam 2200000 4500 =001 INLIS000000000002646 =005 20200429095929 =035 ##$$a 0010-061300000002646 =008 200429################g##########0#ind## =041 ##$$a Ind =082 ##$$a 2X0.320 956 1 =090 ##$$a 2X0.320 956 1, Top i =100 ##$$a Toprak, Binnaz =245 1#$$a Islam dan perkembangan politik di Turki, /$c Binnaz Toprak; Alih bahasa, Karsidi Diningrat R =260 ##$$a Yogyakarta :$b Tiara Wacana Yogya,$c 1999 =300 ##$$a xxvi, 257 hlm, ; $c 14 x 21 cm =650 #4$$a Islam dan Perkembangan Politik =700 #$$a Diningrat R, Karsidi =850 ##$$a NBPNMAT =020 ##$$a 979-8120-92-2 =084 ##$$a 2X0.320 956 1 TOP i =250 ##$$a cet.1 =990 ##$$a DW00010712 =990 ##$$a DW00010713 =990 ##$$a DW00010714 =990 ##$$a DW00010715 =990 ##$$a DW00010712 =990 ##$$a DW00010713 =990 ##$$a DW00010714 =990 ##$$a DW00010715